ARRUPE JESUIT UNIVERSITY

CORONAVIRUS -STOP THE SPREAD - CLEAN,DISINFECT,COVER

This idea must die : (Record no. 131176)

MARC details
000 -LEADER
fixed length control field 00958cam a2200289 i 4500
001 - CONTROL NUMBER
control field 18213769
003 - CONTROL NUMBER IDENTIFIER
control field ARRUPE
005 - DATE AND TIME OF LATEST TRANSACTION
control field 20220330102600.0
008 - FIXED-LENGTH DATA ELEMENTS--GENERAL INFORMATION
fixed length control field 140707s2015 nyu 001 0 eng
010 ## - LIBRARY OF CONGRESS CONTROL NUMBER
LC control number 2014026308
020 ## - INTERNATIONAL STANDARD BOOK NUMBER
International Standard Book Number 9780062374349 (pbk.)
040 ## - CATALOGING SOURCE
Original cataloging agency DLC
Language of cataloging eng
Transcribing agency DLC
Description conventions rda
Modifying agency DLC
042 ## - AUTHENTICATION CODE
Authentication code pcc
050 00 - LIBRARY OF CONGRESS CALL NUMBER
Classification number Q173
Item number .T54 2015
082 00 - DEWEY DECIMAL CLASSIFICATION NUMBER
Classification number 500
Edition number 23
300 ## - PHYSICAL DESCRIPTION
Dimensions 21 cm
245 00 - TITLE STATEMENT
Title This idea must die :
Remainder of title scientific ideas that are blocking progress /
Statement of responsibility, etc edited by John Brockman.
250 ## - EDITION STATEMENT
Edition statement First edition.
260 ## - PUBLICATION, DISTRIBUTION, ETC. (IMPRINT)
Place of publication, distribution, etc New York
Name of publisher, distributor, etc Harper Perennial
Date of publication, distribution, etc 2015
300 ## - PHYSICAL DESCRIPTION
Extent 568 pages ;
500 ## - GENERAL NOTE
General note Includes index.
650 #0 - SUBJECT ADDED ENTRY--TOPICAL TERM
Topical term or geographic name as entry element Science
Form subdivision Miscellanea
9 (RLIN) 17703
650 #0 - SUBJECT ADDED ENTRY--TOPICAL TERM
Topical term or geographic name as entry element Science in popular culture.
9 (RLIN) 51089
700 1# - ADDED ENTRY--PERSONAL NAME
Personal name Brockman, John,
Dates associated with a name 1941-
Relator term editor.
9 (RLIN) 50268
906 ## - LOCAL DATA ELEMENT F, LDF (RLIN)
a 7
b cbc
c orignew
d 1
e ecip
f 20
g y-gencatlg
942 ## - ADDED ENTRY ELEMENTS (KOHA)
Source of classification or shelving scheme Library of Congress Classification
Koha item type Monograph ( Printed materials)
Holdings
Withdrawn status Lost status Source of classification or shelving scheme Damaged status Not for loan Collection code Home library Current library Shelving location Date acquired Total Checkouts Full call number Barcode Date last seen Price effective from Koha item type
    Library of Congress Classification     Main Collection ARRUPE LIBRARY ARRUPE LIBRARY Main Collection 30/03/2022   Q173 .T54 2015 46600008236 30/03/2022 30/03/2022 Monograph ( Printed materials)

 

Arrupe Library. PO Box MP320 Mt Pleasant, Harare, Zimbabwe
263 242 745411|librarian@aju.ac.zw